000 00489nam a2200193 4500
003 SEACOMEC
005 20240404153105.0
008 231006b |||||||| |||| 00| 0 eng d
020 _cRs. 325.00
040 _aSEACOMEC
082 _a535
_bL854
100 1 _aLonghurst, R.S.
245 1 _aGeometrical and Physical optics
_cR.S. Longhurst
250 _a3rd ed.
260 _aHyderabad
_bOrient Longman
_c1999
650 _aPhysics
650 _aLight and related radiation
942 _cBOOK
999 _c116
_d116